LEADER 01281nas# 22003131i 450 001 UON00012762 005 20231205101940.776 011 $a0090-3744 100 $a20020107a1980 |0itac50 ba 101 $amul 102 $aIN 105 $a|||| 1|||| 110 $aaF||||||||| 200 1 $aAccession List. Nepal 205 $aNew Delhi : Library of Congress 207 $av. ; 28 cm 210 $aSemestrale 215 $aDescrizione basata su: vol. 11(1976) n. 1 620 $aIN$dNew Delhi$3UONL000110 686 $aIN$cINDIA - PERIODICI$2A 686 $aDONO$cPERIODICI - DONO$2A 686 $aPERIODICI NON ATTIVI$cPERIODICI - NON ATTIVI$2A 712 02$aLibrary of Congress$cNew Delhi$3UONV009631 801 $aIT$bSOL$c20240220$gRICA 899 $aSIBA - SISTEMA BIBLIOTECARIO DI ATENEO$2UONSI$411(1976) *1* 15(1980) *C*$cPer 8 S1 corridoio 6°piano ; 912 $aUON00012762 950 $aSIBA - SISTEMA BIBLIOTECARIO DI ATENEO$bSI 11(1976) *1* 15(1980) *C*$dSI A Per 8 1980 $eSI SA 24265 7 1980 $dSI A Per 8 1976 $eSI SA 114552 7 1976 996 $aAccession List. Nepal$91321830 997 $aUNIOR